| 000 | 00554nam a2200181 a 4500 | ||
|---|---|---|---|
| 001 | 000026359 | ||
| 005 | 20200930024527.0 | ||
| 008 | 110315s1982 dr 000 0 spa d | ||
| 040 |
_aDO-SdBNP _bspa _cBNPHU |
||
| 082 |
_axxx _bC718r |
||
| 100 | 1 |
_aColombino Perelló, Héctor, _d1922 _929458 |
|
| 245 | 1 | 0 |
_aRecuerdos de Baní / _cHéctor Colombino Perelló. |
| 260 |
_aSanto Domingo : _bEdita-Libros, _c1982. |
||
| 300 |
_av.1 ; _c21 cm. |
||
| 500 | _aIncluye datos biográficos del autor | ||
| 500 | _aLa biblioteca posee el volumen 1 | ||
| 049 | _aBNPD | ||
| 999 |
_c25851 _d25851 |
||